[Event "Finale Challenge Blitz BNP Paribas"]
[Site "Port Marly"]
[Date "2013.06.15"]
[Round "11.4"]
[White "Bonnaud, Remy"]
[Black "Dieu, Bruno"]
[Result "0-1"]
[WhiteElo "2230"]
[BlackElo "2360"]
[PlyCount "105"]
[EventDate "2013.06.15"]
[EventType "match (rapid)"]
[EventRounds "15"]
[EventCountry "FRA"]
[SourceDate "2005.09.12"]

1. e4 e6 2. d4 d5 3. Nc3 Bb4 4. Qd3 Ne7 5. a3 Bxc3+ 6. bxc3 c5 7. Nf3 Qa5 8.
Bd2 c4 9. Qe3 O-O 10. h4 Qa4 11. h5 Qxc2 12. exd5 Nxd5 13. Qg5 h6 14. Qg3 Kh8
15. Bxc4 Qe4+ 16. Kf1 Nb6 17. Be2 Nc6 18. Rh4 Qf5 19. Rg4 Qf6 20. Ne5 Bd7 21.
Rf4 Qe7 22. Rg4 Nxe5 23. dxe5 Rg8 24. Bd3 Bc6 25. Re1 Rad8 26. Rd4 a6 27. Bc1
Rxd4 28. cxd4 Rd8 29. Bb2 Nd5 30. Bb1 Qg5 31. Qd3 f5 32. exf6 Nxf6 33. Re5
Qxg2+ 34. Ke1 Qg1+ 35. Ke2 Qg4+ 36. Kf1 Qf4 37. Rxe6 Rf8 38. Rxf6 Bg2+ 39. Kxg2
Qg4+ 40. Kf1 g6 41. Rxf8+ Kg7 42. Qxg6+ Qxg6 43. Bc3 Kxf8 44. hxg6 Kg7 45. d5+
Kg8 46. g7 h5 47. d6 Kf7 48. Ba2+ Kg6 49. g8=Q+ Kf5 50. Qf7+ Kg4 51. d7 Kg5 52.
f3 Kh4 53. Be5 0-1

[Event "Finale Challenge Blitz BNP Paribas"]
[Site "Port Marly"]
[Date "2013.06.15"]
[Round "11.5"]
[White "Rivet, Cyrille"]
[Black "Mayer, Philippe"]
[Result "0-1"]
[WhiteElo "1750"]
[BlackElo "2330"]
[PlyCount "83"]
[EventDate "2013.06.15"]
[EventType "match (rapid)"]
[EventRounds "15"]
[EventCountry "FRA"]
[SourceDate "2005.09.12"]

1. d4 Nf6 2. c4 e6 3. Nf3 b6 4. Nc3 Bb7 5. Bf4 d6 6. e3 Be7 7. Bd3 Nh5 8. Bg3
Nxg3 9. hxg3 h6 10. Qc2 Nd7 11. O-O-O Bf6 12. e4 e5 13. Nd5 Bxd5 14. exd5 exd4
15. Rde1+ Kf8 16. Bf5 Rb8 17. Re4 Nc5 18. Nxd4 Nxe4 19. Nc6 Qe8 20. Re1 g6 21.
Rxe4 Be5 22. Bg4 f5 23. Nxe5 dxe5 24. Bxf5 gxf5 25. Re3 Qf7 26. Rxe5 Kg7 27.
Rxf5 Qg6 28. Qc3+ Kh7 29. g4 Rhf8 30. Rf3 Rxf3 31. Qxf3 Qg5+ 32. Kc2 Qg6+ 33.
Kb3 Qg7 34. Ka3 Qe7+ 35. Kb3 Rf8 36. Qd3+ Kh8 37. Qd4+ Qg7 38. Qxg7+ Kxg7 39.
Kb4 a6 40. Kb3 Rf4 41. a4 Rxg4 42. Kb4 0-1

[Event "Finale Challenge Blitz BNP Paribas"]
[Site "Port Marly"]
[Date "2013.06.15"]
[Round "11.6"]
[White "Kieffer, Anatole"]
[Black "Dumas, Charles"]
[Result "0-1"]
[WhiteElo "2110"]
[BlackElo "2260"]
[PlyCount "102"]
[EventDate "2013.06.15"]
[EventType "match (rapid)"]
[EventRounds "15"]
[EventCountry "FRA"]
[SourceDate "2005.09.12"]

1. e4 c5 2. Nf3 Nc6 3. d4 cxd4 4. Nxd4 e5 5. Nb5 d6 6. N1c3 a6 7. Na3 Be7 8. f3
Nf6 9. Bg5 O-O 10. Bxf6 Bxf6 11. Be2 Be6 12. O-O b5 13. Nd5 Bxd5 14. Qxd5 Rc8
15. c3 Qe7 16. Rad1 Rfd8 17. f4 exf4 18. Rxf4 Qa7+ 19. Kh1 Qe3 20. Qd2 Qxd2 21.
Rxd2 Bg5 22. g3 Ne5 23. Rd5 Bxf4 24. gxf4 Ng6 25. Rf5 Rc5 26. Rxc5 dxc5 27. f5
Ne5 28. Nb1 f6 29. Kg2 Nd3 30. Bxd3 Rxd3 31. Kf2 Rd1 32. Na3 Rd2+ 33. Ke3 Rxb2
34. h4 Rxa2 35. Nb1 b4 36. Kd3 b3 37. c4 Rc2 38. Na3 Rh2 39. Kc3 b2 40. h5 g6
41. hxg6 hxg6 42. fxg6 Kg7 43. Kb3 Kxg6 44. Ka2 Kg5 45. Nb1 Kf4 46. Nc3 Ke3 47.
Na4 Kxe4 48. Nxc5+ Kd4 49. Na4 Kxc4 50. Nxb2+ Kc3 51. Ka1 Kb3 0-1

[Event "Finale Challenge Blitz BNP Paribas"]
[Site "Port Marly"]
[Date "2013.06.15"]
[Round "11.7"]
[White "Sotelo, Renzo"]
[Black "Glod, Philippe"]
[Result "1-0"]
[WhiteElo "2230"]
[BlackElo "2140"]
[PlyCount "94"]
[EventDate "2013.06.15"]
[EventType "match (rapid)"]
[EventRounds "15"]
[EventCountry "FRA"]
[SourceDate "2005.09.12"]

1. e4 e5 2. Nf3 Nc6 3. Bb5 Nf6 4. O-O Bc5 5. c3 O-O 6. h3 d6 7. d3 h6 8. Re1
Ne7 9. Nbd2 Ng6 10. Nf1 c6 11. Ba4 Bb6 12. Ng3 a5 13. d4 Bc7 14. Be3 Re8 15.
Bc2 b6 16. Qd2 Kh7 17. Rad1 Bb7 18. Qc1 Bc8 19. c4 Qe7 20. Ba4 Bd7 21. d5 cxd5
22. Bxd7 Qxd7 23. cxd5 b5 24. Qd2 Rec8 25. Rc1 a4 26. Rc2 Ba5 27. Qe2 Bxe1 28.
Nxe1 Rxc2 29. Nxc2 Rc8 30. Nb4 Ne7 31. a3 Ne8 32. Qh5 Nf6 33. Qf3 Rc4 34. Bd2
Qc8 35. Bc3 Qe8 36. Nc2 Qc8 37. Ne3 Rxc3 38. bxc3 Qxc3 39. Nd1 Qxf3 40. gxf3
Nc8 41. Nf5 Nd7 42. Nc3 g6 43. Ne3 Nc5 44. Nxb5 Kg7 45. Nc4 f5 46. Nxe5 dxe5
47. Nd6 Nxd6 1-0

[Event "Finale Challenge Blitz BNP Paribas"]
[Site "Port Marly"]
[Date "2013.06.15"]
[Round "11.8"]
[White "Dubois, Pierre"]
[Black "Varoquier, Romain"]
[Result "0-1"]
[WhiteElo "2178"]
[BlackElo "2310"]
[PlyCount "56"]
[EventDate "2013.06.15"]
[EventType "match (rapid)"]
[EventRounds "15"]
[EventCountry "FRA"]
[SourceDate "2005.09.12"]

1. e4 e5 2. Nf3 Nc6 3. d4 exd4 4. Nxd4 Qh4 5. Qd3 Nf6 6. Nxc6 dxc6 7. g3 Qxe4+
8. Qxe4+ Nxe4 9. Bg2 Bf5 10. O-O O-O-O 11. Be3 Kb8 12. a4 Nd6 13. Na3 Be4 14.
f3 Bg6 15. a5 a6 16. Rad1 Be7 17. Rd2 Nb5 18. Nxb5 cxb5 19. Rfd1 Bxc2 20. Rxd8+
Rxd8 21. Rc1 Bb3 22. Rc3 Bd5 23. Kf2 Bf6 24. Rc2 Bb3 25. Re2 Bd1 26. Re1 Bxb2
27. f4 Bc3 28. Rg1 Bxa5 0-1

[Event "Finale Challenge Blitz BNP Paribas"]
[Site "Port Marly"]
[Date "2013.06.15"]
[Round "12.1"]
[White "Dieu, Bruno"]
[Black "Dourerassou, Jonathan"]
[Result "0-1"]
[WhiteElo "2360"]
[BlackElo "2580"]
[PlyCount "100"]
[EventDate "2013.06.15"]
[EventType "match (rapid)"]
[EventRounds "15"]
[EventCountry "FRA"]
[SourceDate "2005.09.12"]

1. Nc3 b6 2. e4 Bb7 3. d4 e6 4. Bd3 c5 5. dxc5 Bxc5 6. Nf3 Nf6 7. O-O Nc6 8.
Bg5 h6 9. Bh4 Be7 10. e5 Ng4 11. Bxe7 Qxe7 12. Qe2 d6 13. exd6 Qxd6 14. Nb5 Qe7
15. h3 Nf6 16. Ne5 O-O 17. Nxc6 Bxc6 18. Nd4 Bb7 19. c3 Rad8 20. Rfe1 Qc5 21.
Bc2 Qg5 22. Nf3 Qf4 23. Ne5 Rd2 24. Qf1 Rxc2 25. Re3 Rd8 26. Rae1 Rdd2 27. R3e2
Rxe2 28. Rxe2 Ba6 29. c4 Rc1 30. Re1 Rxe1 31. Qxe1 Bb7 32. Nd3 Qxc4 33. Qd2 Qd5
34. f3 Ba6 35. Qc3 Bxd3 36. Qc8+ Kh7 37. Qf8 e5 38. Qe7 e4 39. fxe4 Bxe4 40. b3
Qd1+ 41. Kf2 Qd2+ 42. Kg3 Qg5+ 43. Kf2 Qxg2+ 44. Ke3 Nd5+ 45. Kd4 Nxe7 46. b4
Qxa2 47. b5 Qd5+ 48. Ke3 Qd3+ 49. Kf4 Ng6+ 50. Kg4 Qf3# 0-1

[Event "Finale Challenge Blitz BNP Paribas"]
[Site "Port Marly"]
[Date "2013.06.15"]
[Round "12.2"]
[White "Rene, Benoit"]
[Black "Devallee, Jeremie"]
[Result "1/2-1/2"]
[WhiteElo "2430"]
[BlackElo "2190"]
[PlyCount "120"]
[EventDate "2013.06.15"]
[EventType "match (rapid)"]
[EventRounds "15"]
[EventCountry "FRA"]
[SourceDate "2005.09.12"]

1. g3 d5 2. Bg2 e5 3. c4 Nf6 4. cxd5 c6 5. dxc6 Nxc6 6. d3 Bc5 7. a3 O-O 8. Nc3
Be6 9. Nf3 h6 10. O-O Rc8 11. b4 Bb6 12. Bb2 a6 13. Na4 Bc7 14. Nc5 Bd5 15.
Nxb7 Qe7 16. e4 Be6 17. Nc5 Bg4 18. Qa4 Bb6 19. Rac1 Rfd8 20. Nxa6 Qa7 21. b5
Nd4 22. Bxd4 exd4 23. Ne5 Re8 24. Rxc8 Rxc8 25. Nc6 Qd7 26. Qb4 Be2 27. Ne7+
Kh7 28. Nxc8 Qxc8 29. e5 Bxf1 30. Bxf1 Nd5 31. Qd6 Qe6 32. Qxe6 fxe6 33. Bh3
Nc3 34. Bxe6 Nxb5 35. a4 Nc3 36. Nb4 Nxa4 37. Nd5 Bc5 38. h4 g6 39. g4 Kg7 40.
h5 g5 41. Bf5 Nc3 42. Nc7 Bb6 43. Ne6+ Kf7 44. f4 Ne2+ 45. Kf2 Nxf4 46. Nxf4
gxf4 47. Kf3 Bc7 48. Kxf4 Kg7 49. Ke4 Kf7 50. Kxd4 Bb6+ 51. Ke4 Bc7 52. d4 Ke7
53. d5 Bb6 54. d6+ Kd8 55. e6 Bc5 56. Bg6 Bxd6 57. Kf5 Ke7 58. g5 hxg5 59. Kxg5
Kxe6 60. h6 Be5 1/2-1/2

[Event "Finale Challenge Blitz BNP Paribas"]
[Site "Port Marly"]
[Date "2013.06.15"]
[Round "12.3"]
[White "Dumas, Charles"]
[Black "Guliyev, Namig"]
[Result "1/2-1/2"]
[WhiteElo "2260"]
[BlackElo "2580"]
[PlyCount "86"]
[EventDate "2013.06.15"]
[EventType "match (rapid)"]
[EventRounds "15"]
[EventCountry "FRA"]
[SourceDate "2005.09.12"]

1. e4 c5 2. c3 d5 3. exd5 Qxd5 4. d4 Nf6 5. Nf3 Bg4 6. Nbd2 Bxf3 7. Nxf3 Nc6 8.
Be3 cxd4 9. Nxd4 a6 10. Nxc6 Qxc6 11. Qf3 Qxf3 12. gxf3 e6 13. Be2 Bd6 14. O-O
Nd5 15. c4 Nf4 16. Bxf4 Bxf4 17. b4 Ke7 18. Rfd1 a5 19. b5 Bd6 20. a4 Rad8 21.
Bd3 b6 22. Be4 f5 23. Bc6 Bc5 24. Kg2 g5 25. Kf1 Kf6 26. Kg2 h5 27. Kg3 Rd6 28.
Rxd6 Bxd6+ 29. Kg2 Rh7 30. h3 Re7 31. Rd1 Ke5 32. h4 Rg7 33. hxg5 Rxg5+ 34. Kh3
Bc5 35. Kh4 Kf6 36. Rd8 Bxf2+ 37. Kh3 Be3 38. Rd6 Ke5 39. Rd8 Kf4 40. Re8 e5
41. Rf8 Bc5 42. Rf6 Rg3+ 43. Kh4 Be7 1/2-1/2

[Event "Finale Challenge Blitz BNP Paribas"]
[Site "Port Marly"]
[Date "2013.06.15"]
[Round "12.4"]
[White "Mayer, Philippe"]
[Black "Leconte, Jean-Olivier"]
[Result "0-1"]
[WhiteElo "2330"]
[BlackElo "2330"]
[PlyCount "125"]
[EventDate "2013.06.15"]
[EventType "match (rapid)"]
[EventRounds "15"]
[EventCountry "FRA"]
[SourceDate "2005.09.12"]

1. d4 Nf6 2. c4 Nc6 3. Nf3 e6 4. Nc3 Bb4 5. Qc2 O-O 6. e3 d6 7. Be2 e5 8. O-O
Bxc3 9. Qxc3 Qe7 10. dxe5 dxe5 11. h3 h6 12. b3 a5 13. a3 Bf5 14. Bb2 Ne4 15.
Qc1 Nc5 16. Qc3 Ne4 17. Qc1 Rad8 18. Rd1 Rxd1+ 19. Bxd1 Rd8 20. Bc2 Bg6 21.
Bxe4 Bxe4 22. Nd2 Bd3 23. Nf3 Qf6 24. Qc3 Be4 25. Nd2 Bf5 26. Nf3 Re8 27. Kh2
Qe7 28. Rd1 f6 29. c5 Be6 30. b4 axb4 31. axb4 Qf7 32. Nd2 Rd8 33. Ra1 Ne7 34.
Ra7 Nd5 35. Qa3 c6 36. Ne4 Rd7 37. Nd6 Qe7 38. Bc1 Kh7 39. e4 Nf4 40. Bxf4 exf4
41. Qd3 g6 42. Qc3 h5 43. e5 f5 44. Qf3 Qg5 45. Ra8 Bd5 46. h4 Qxh4+ 47. Qh3
Qxf2 48. e6 Bxe6 49. Re8 Bd5 50. Nxf5 Bxg2 51. Qxg2 Qxg2+ 52. Kxg2 gxf5 53. Rf8
Kg6 54. Rh8 Rd2+ 55. Kf3 Rb2 56. Kxf4 Rxb4+ 57. Ke5 Re4+ 58. Kd6 f4 59. Rg8+
Kf7 60. Rg5 Kf6 61. Rxh5 f3 62. Rh6+ Kg5 63. Rh1 0-1

[Event "Finale Challenge Blitz BNP Paribas"]
[Site "Port Marly"]
[Date "2013.06.15"]
[Round "12.5"]
[White "Leconte, Maria"]
[Black "Sotelo, Renzo"]
[Result "0-1"]
[WhiteElo "2290"]
[BlackElo "2230"]
[PlyCount "124"]
[EventDate "2013.06.15"]
[EventType "match (rapid)"]
[EventRounds "15"]
[EventCountry "FRA"]
[SourceDate "2005.09.12"]

1. e4 e6 2. d3 d5 3. Nd2 Nf6 4. Ngf3 c5 5. g3 Nc6 6. Bg2 Be7 7. O-O O-O 8. e5
Nd7 9. Re1 b5 10. Nf1 Bb7 11. h4 Nd4 12. Nxd4 cxd4 13. Nh2 Rc8 14. Bf4 Qa5 15.
Ng4 Rfd8 16. Bg5 Bxg5 17. hxg5 Qa4 18. b3 Qb4 19. a3 Qc3 20. Rc1 Rc7 21. Bf3
Rdc8 22. Kg2 Nc5 23. Qe2 Qb2 24. Nf6+ gxf6 25. gxf6 Kf8 26. Qd2 Ke8 27. Qh6 Kd7
28. Qxh7 Kc6 29. b4 Na6 30. Qh4 Kb6 31. c4 dxc3 32. Qd4+ Nc5 33. Rxc3 Ka6 34.
Rec1 Na4 35. Rxc7 Qxd4 36. Rxc8 Bxc8 37. Rxc8 Qxe5 38. d4 Qxd4 39. Rc7 Qxf6 40.
Be2 Nc3 41. Bd3 Kb6 42. Rc5 a6 43. Bf1 Ne4 44. Rc2 d4 45. Bd3 Nd6 46. f3 e5 47.
Rc5 Qe6 48. g4 e4 49. fxe4 Nxe4 50. Rf5 Nd6 51. Rf2 Qe3 52. Rf3 Qd2+ 53. Kg3
Nc4 54. Be4 Ne5 55. Rf6+ Kc7 56. Rf5 Qe3+ 57. Kh4 Qxe4 58. Rf6 Kd7 59. Rf5 Ke7
60. Rxe5+ Qxe5 61. g5 d3 62. Kh5 d2 0-1

[Event "Finale Challenge Blitz BNP Paribas"]
[Site "Port Marly"]
[Date "2013.06.15"]
[Round "12.6"]
[White "Delaunay, Sebastien"]
[Black "Alashtar, Aasef"]
[Result "1-0"]
[WhiteElo "2420"]
[BlackElo "2000"]
[PlyCount "82"]
[EventDate "2013.06.15"]
[EventType "match (rapid)"]
[EventRounds "15"]
[EventCountry "FRA"]
[SourceDate "2005.09.12"]

1. Nf3 e6 2. c4 d5 3. g3 Nf6 4. Bg2 c6 5. O-O Bd6 6. b3 O-O 7. d4 Nbd7 8. Bb2
dxc4 9. bxc4 c5 10. e3 cxd4 11. exd4 Rb8 12. Nc3 a6 13. c5 Bc7 14. Re1 Ba5 15.
Re2 Bxc3 16. Bxc3 Nd5 17. Qd3 b6 18. c6 N7f6 19. Be1 b5 20. Rc1 Qb6 21. Rec2 a5
22. Ne5 b4 23. c7 Ra8 24. Rc6 Qa7 25. Qb5 Qxd4 26. Nf3 Qb2 27. R6c2 Qa3 28. Ne5
Ba6 29. Qc6 Rfc8 30. Qd6 Qa4 31. g4 h6 32. h4 Ne8 33. Qd7 Bb5 34. Qxe6 fxe6 35.
Ng6 Kh7 36. Nf8+ Kh8 37. Nxe6 Bd3 38. Rd2 Qb5 39. Rc5 Qb6 40. Rxd5 Bc4 41. Rd8
Bxe6 1-0

[Event "Finale Challenge Blitz BNP Paribas"]
[Site "Port Marly"]
[Date "2013.06.15"]
[Round "12.7"]
[White "Varoquier, Romain"]
[Black "Leruste, Georges"]
[Result "1-0"]
[WhiteElo "2310"]
[BlackElo "2340"]
[PlyCount "52"]
[EventDate "2013.06.15"]
[EventType "match (rapid)"]
[EventRounds "15"]
[EventCountry "FRA"]
[SourceDate "2005.09.12"]

1. e4 d5 2. exd5 Qxd5 3. Nc3 Qa5 4. Bc4 Nf6 5. Nge2 Bg4 6. O-O Nc6 7. d3 a6 8.
Bd2 Qh5 9. f3 Bd7 10. Be3 e5 11. Ng3 Qg6 12. Nge4 Nxe4 13. fxe4 f6 14. Nd5 Bd6
15. a3 Ne7 16. b4 Bc6 17. Nxe7 Bxe7 18. Be6 Bd7 19. Bd5 c6 20. Bc4 O-O-O 21. a4
Qe8 22. Bb6 Bxb4 23. Bxd8 Qxd8 24. Qh5 Qe7 25. Qf7 Qd6 26. Qxf6 gxf6 1-0

[Event "Finale Challenge Blitz BNP Paribas"]
[Site "Port Marly"]
[Date "2013.06.15"]
[Round "12.8"]
[White "Lalau, Alexandre"]
[Black "Bonnaud, Remy"]
[Result "1-0"]
[WhiteElo "2310"]
[BlackElo "2230"]
[PlyCount "121"]
[EventDate "2013.06.15"]
[EventType "match (rapid)"]
[EventRounds "15"]
[EventCountry "FRA"]
[SourceDate "2005.09.12"]

1. e4 d5 2. exd5 Qxd5 3. Nc3 Qa5 4. d4 c6 5. Bc4 Nf6 6. Nf3 Bf5 7. O-O e6 8.
Bd2 Qc7 9. Re1 Bd6 10. Ne5 O-O 11. Qe2 Bxc2 12. Bg5 Bg6 13. Bxf6 gxf6 14. Ng4
Qd8 15. Ne4 Be7 16. Nc5 Qxd4 17. Nxe6 fxe6 18. Qxe6+ Kh8 19. Rad1 Qf4 20. Qxe7
Na6 21. Rd7 Rg8 22. Bxg8 Rxg8 23. Qxf6+ Qxf6 24. Nxf6 Rf8 25. Ng4 Nc5 26. Rde7
a5 27. Ne5 Bf5 28. Nf7+ Kg7 29. Nd6+ Kg6 30. Nxb7 Nd3 31. Rd1 Nxb2 32. Rd6+ Kg5
33. g3 Nc4 34. f4+ Kg4 35. Rd4 Na3 36. Kg2 Nb5 37. Rg7+ Bg6 38. Rc4 Rf6 39. Nc5
Rd6 40. h3+ Kf5 41. g4+ Kf6 42. Rb7 Rd2+ 43. Kg3 Rxa2 44. Nd7+ Ke6 45. Ne5 Kd5
46. Rxc6 Ra3+ 47. Kh4 Nd6 48. Rd7 Ke4 49. Rdxd6 Kxf4 50. Nxg6+ hxg6 51. Rxg6 a4
52. Ra6 Ra1 53. Rg5 Kf3 54. Rga5 Rb1 55. Rxa4 Rb7 56. Ra3+ Kg2 57. g5 Rh7+ 58.
Kg4 Re7 59. h4 Re4+ 60. Kh5 Re7 61. g6 1-0

[Event "Finale Challenge Blitz BNP Paribas"]
[Site "Port Marly"]
[Date "2013.06.15"]
[Round "13.1"]
[White "Dourerassou, Jonathan"]
[Black "Sotelo, Renzo"]
[Result "1-0"]
[WhiteElo "2580"]
[BlackElo "2230"]
[PlyCount "127"]
[EventDate "2013.06.15"]
[EventType "match (rapid)"]
[EventRounds "15"]
[EventCountry "FRA"]
[SourceDate "2005.09.12"]

1. e4 c6 2. d4 d5 3. Nc3 dxe4 4. Nxe4 Nd7 5. Ng5 Ngf6 6. Bc4 e6 7. c3 Nb6 8.
Bb3 Be7 9. Qe2 O-O 10. N1f3 Nfd5 11. Bc2 Nf6 12. Ne5 c5 13. dxc5 Bxc5 14. O-O
h6 15. Ne4 Nxe4 16. Qxe4 f5 17. Qe2 Re8 18. Bf4 Nd5 19. Bc1 Bd6 20. Nc4 Bc7 21.
Rd1 Bd7 22. Ne5 Bxe5 23. Qxe5 Qb8 24. Qe2 Qc7 25. c4 Nf6 26. h3 Rac8 27. b3 Bc6
28. Bb2 Ne4 29. Qe3 b6 30. f3 Nc5 31. Be5 Qf7 32. b4 Nd7 33. Bb2 Nf6 34. a3
Rcd8 35. Re1 Nh5 36. Be5 Nf6 37. Rad1 Ba8 38. Rxd8 Rxd8 39. Bxf6 Qxf6 40. Qxe6+
Qxe6 41. Rxe6 f4 42. Bg6 Kf8 43. Re5 Bc6 44. h4 Rd6 45. h5 Bd7 46. Re4 Rf6 47.
Rd4 Ke7 48. Re4+ Kd6 49. Rd4+ Ke7 50. Kf2 Bf5 51. Bxf5 Rxf5 52. Re4+ Kf6 53.
Rd4 Ke7 54. Rd5 Rxd5 55. cxd5 Kd6 56. Ke2 Kxd5 57. Kd3 b5 58. Kc3 a6 59. Kd3
Ke5 60. Kc3 Kd5 61. Kb3 Kd4 62. a4 Ke3 63. a5 Kd3 64. Kb2 1-0

[Event "Finale Challenge Blitz BNP Paribas"]
[Site "Port Marly"]
[Date "2013.06.15"]
[Round "13.2"]
[White "Guliyev, Namig"]
[Black "Delaunay, Sebastien"]
[Result "1-0"]
[WhiteElo "2580"]
[BlackElo "2420"]
[PlyCount "61"]
[EventDate "2013.06.15"]
[EventType "match (rapid)"]
[EventRounds "15"]
[EventCountry "FRA"]
[SourceDate "2005.09.12"]

1. e4 e5 2. Nf3 Nc6 3. Bb5 Nf6 4. O-O Nxe4 5. Re1 Nd6 6. Nxe5 Nxe5 7. Rxe5+ Be7
8. Bf1 O-O 9. d4 Bf6 10. Re1 Re8 11. Rxe8+ Nxe8 12. d5 d6 13. Nd2 Bf5 14. Nc4
a5 15. c3 Qd7 16. Ne3 Bg6 17. Qb3 c6 18. Bd2 Bg5 19. Rd1 Nf6 20. dxc6 bxc6 21.
Nc4 Bxd2 22. Rxd2 Nd5 23. Qa3 Rd8 24. Qxa5 Qe7 25. Re2 Qf6 26. Re1 h5 27. Qa6
Ne7 28. Qa7 Nf5 29. Qc7 d5 30. Ne5 Re8 31. Nd7 1-0

[Event "Finale Challenge Blitz BNP Paribas"]
[Site "Port Marly"]
[Date "2013.06.15"]
[Round "13.3"]
[White "Leconte, Jean-Olivier"]
[Black "Varoquier, Romain"]
[Result "1-0"]
[WhiteElo "2330"]
[BlackElo "2310"]
[PlyCount "123"]
[EventDate "2013.06.15"]
[EventType "match (rapid)"]
[EventRounds "15"]
[EventCountry "FRA"]
[SourceDate "2005.09.12"]

1. e4 e5 2. Nc3 Bc5 3. f4 d6 4. Nf3 Nc6 5. Bb5 Nge7 6. d3 O-O 7. Na4 Bb6 8.
Nxb6 axb6 9. O-O Bg4 10. c3 exf4 11. Bxf4 d5 12. Qe2 Ng6 13. Bg3 Re8 14. h3
dxe4 15. dxe4 Bxf3 16. Qxf3 Nce5 17. Qe3 c6 18. Be2 b5 19. b3 Qe7 20. a4 bxa4
21. bxa4 Ra5 22. Kh2 Qc5 23. Qd4 f6 24. Rfb1 Re7 25. Bf2 Qxd4 26. cxd4 Nd7 27.
Bf3 b6 28. Rc1 c5 29. dxc5 Nxc5 30. Be1 Rxa4 31. Rxa4 Nxa4 32. Rc8+ Kf7 33. Bd1
Nc5 34. Bb4 Rxe4 35. Bxc5 bxc5 36. Rxc5 Ne5 37. Bb3+ Kf8 38. Rc8+ Ke7 39. Rc7+
Nd7 40. Rb7 Rd4 41. Rc7 g6 42. Rb7 f5 43. Bc2 f4 44. Bb3 Kd6 45. Ra7 h5 46. Bf7
Ne5 47. Ra6+ Ke7 48. Bxg6 f3 49. Ra7+ Kf6 50. Bxh5 f2 51. Be2 Re4 52. Bf1 Re1
53. g4 Rxf1 54. Kg2 Rg1+ 55. Kxf2 Rh1 56. Ra6+ Ke7 57. Ra7+ Nd7 58. Rb7 Kd6 59.
Kg2 Rd1 60. g5 Rd5 61. g6 Rg5+ 62. Kf3 1-0

[Event "Finale Challenge Blitz BNP Paribas"]
[Site "Port Marly"]
[Date "2013.06.15"]
[Round "13.4"]
[White "Dieu, Bruno"]
[Black "Rene, Benoit"]
[Result "1/2-1/2"]
[WhiteElo "2360"]
[BlackElo "2430"]
[PlyCount "102"]
[EventDate "2013.06.15"]
[EventType "match (rapid)"]
[EventRounds "15"]
[EventCountry "FRA"]
[SourceDate "2005.09.12"]

1. Nc3 c5 2. Nf3 g6 3. d4 cxd4 4. Nxd4 Bg7 5. g3 Nc6 6. Nxc6 bxc6 7. Bg2 Nf6 8.
O-O O-O 9. Na4 Qc7 10. c4 d6 11. Qc2 Rb8 12. b3 c5 13. Bb2 Bb7 14. e4 Bc6 15.
Nc3 e6 16. Rad1 Rfd8 17. h3 a6 18. Rd2 Ne8 19. Ne2 Bxb2 20. Qxb2 e5 21. f4 Qe7
22. Nc3 Nc7 23. Rdf2 exf4 24. Rxf4 Rf8 25. Nd5 Bxd5 26. exd5 f5 27. Kh2 Qg7 28.
Qf2 Rbe8 29. Re1 Rxe1 30. Qxe1 Re8 31. Qf2 Re5 32. g4 fxg4 33. hxg4 g5 34. Rf5
Ne8 35. Kg3 Rxf5 36. Qxf5 Qe5+ 37. Qxe5 dxe5 38. Be4 Nd6 39. Bd3 Kg7 40. Kf3 h6
41. a3 a5 42. Ke3 Kf6 43. Be4 Ne8 44. Bc2 Nd6 45. Bd3 e4 46. Bxe4 Ke5 47. Bd3
Nf7 48. Bc2 Nd6 49. Bd3 Nf7 50. Bc2 Nd6 51. Bd3 Nf7 1/2-1/2

[Event "Finale Challenge Blitz BNP Paribas"]
[Site "Port Marly"]
[Date "2013.06.15"]
[Round "13.5"]
[White "Devallee, Jeremie"]
[Black "Glod, Philippe"]
[Result "1-0"]
[WhiteElo "2190"]
[BlackElo "2140"]
[PlyCount "87"]
[EventDate "2013.06.15"]
[EventType "match (rapid)"]
[EventRounds "15"]
[EventCountry "FRA"]
[SourceDate "2005.09.12"]

1. e4 e5 2. d4 exd4 3. Qxd4 Nc6 4. Qe3 Nf6 5. Nc3 Bb4 6. Bd2 O-O 7. O-O-O Re8
8. Qg3 Rxe4 9. a3 Bd6 10. f4 Re8 11. Bd3 Bf8 12. Nf3 d5 13. Rhe1 Bg4 14. Rxe8
Qxe8 15. Re1 Qd8 16. h3 Bxf3 17. Qxf3 Qd7 18. g4 d4 19. Bf5 dxc3 20. Bxd7 cxd2+
21. Kxd2 Nxd7 22. c3 Rd8 23. Kc2 Nb6 24. Re4 g6 25. h4 a5 26. f5 Nd7 27. f6
Nde5 28. Qe2 Bd6 29. g5 b6 30. h5 a4 31. hxg6 Nxg6 32. Re8+ Bf8 33. Rxd8 Nxd8
34. Qe8 Ne6 35. Qxa4 Nxg5 36. Qc6 Ne6 37. b4 h5 38. a4 Ne5 39. Qg2+ Ng4 40. a5
Nf4 41. Qe4 Ng6 42. a6 Nxf6 43. Qc6 Ne5 44. Qxf6 1-0

[Event "Finale Challenge Blitz BNP Paribas"]
[Site "Port Marly"]
[Date "2013.06.15"]
[Round "13.6"]
[White "Mayer, Philippe"]
[Black "Duval, Claire"]
[Result "1-0"]
[WhiteElo "2330"]
[BlackElo "1900"]
[PlyCount "71"]
[EventDate "2013.06.15"]
[EventType "match (rapid)"]
[EventRounds "15"]
[EventCountry "FRA"]
[SourceDate "2005.09.12"]

1. d4 d5 2. Nf3 Nf6 3. c4 e6 4. Nc3 Nbd7 5. Bg5 Be7 6. e3 O-O 7. Bd3 c6 8. O-O
dxc4 9. Bxc4 b5 10. Bb3 Bb7 11. Rc1 a6 12. a4 b4 13. Ne2 c5 14. Nf4 Nd5 15.
Bxe7 Qxe7 16. Nxd5 exd5 17. dxc5 Nxc5 18. Nd4 Rac8 19. Bc2 Rc7 20. Qg4 Qf6 21.
h3 Rfc8 22. Bf5 Re8 23. Rc2 g6 24. Bd3 Rec8 25. Qe2 Nxa4 26. Rxc7 Rxc7 27. Ra1
Nc5 28. Qd2 Qb6 29. Bf1 Ne4 30. Qe2 Nc5 31. Qg4 Bc8 32. Qg3 Ne4 33. Qf4 Qf6 34.
Qxc7 Qxf2+ 35. Kh2 Qg3+ 36. Qxg3 1-0

[Event "Finale Challenge Blitz BNP Paribas"]
[Site "Port Marly"]
[Date "2013.06.15"]
[Round "13.7"]
[White "Dumas, Charles"]
[Black "Lalau, Alexandre"]
[Result "0-1"]
[WhiteElo "2260"]
[BlackElo "2310"]
[PlyCount "64"]
[EventDate "2013.06.15"]
[EventType "match (rapid)"]
[EventRounds "15"]
[EventCountry "FRA"]
[SourceDate "2005.09.12"]

1. e4 c5 2. c3 Nf6 3. e5 Nd5 4. d4 cxd4 5. Nf3 e6 6. cxd4 Nc6 7. Nc3 Nxc3 8.
bxc3 d6 9. exd6 Bxd6 10. Bd3 Qc7 11. O-O h6 12. Bd2 O-O 13. Qe2 e5 14. d5 Ne7
15. c4 f5 16. Bc2 e4 17. Nd4 Bxh2+ 18. Kh1 Be5 19. Bc3 a6 20. Rad1 Nxd5 21.
cxd5 Qxc3 22. Ne6 Rf6 23. Bb3 Bd6 24. Qh5 Bd7 25. Qe2 Qe5 26. g3 Rc8 27. Rc1
Rxc1 28. Rxc1 Kh7 29. Kg2 f4 30. Nxf4 Rxf4 31. gxf4 Qxf4 32. Rh1 Bg4 0-1

[Event "Finale Challenge Blitz BNP Paribas"]
[Site "Port Marly"]
[Date "2013.06.15"]
[Round "13.8"]
[White "Leruste, Georges"]
[Black "Ljubotina, Lazo"]
[Result "0-1"]
[WhiteElo "2340"]
[BlackElo "2070"]
[PlyCount "105"]
[EventDate "2013.06.15"]
[EventType "match (rapid)"]
[EventRounds "15"]
[EventCountry "FRA"]
[SourceDate "2005.09.12"]

1. Nf3 d5 2. g3 c5 3. Bg2 Nc6 4. d4 cxd4 5. Nxd4 e5 6. Nxc6 bxc6 7. c4 Be6 8.
Nc3 Bb4 9. O-O Bxc3 10. bxc3 Ne7 11. cxd5 cxd5 12. Ba3 Rc8 13. Rc1 Qa5 14. Bb4
Qc7 15. Qd2 f6 16. Rfd1 Rd8 17. h4 Kf7 18. h5 g6 19. Bxe7 Qxe7 20. Qe3 Kg7 21.
h6+ Kf7 22. Rb1 Rd7 23. Rb2 Rhd8 24. Rdb1 Bf5 25. Rd1 d4 26. cxd4 exd4 27. Qf4
Qe5 28. Qd2 Be6 29. Rdb1 Bd5 30. Bxd5+ Qxd5 31. Rb5 Qe4 32. Qd3 Qe6 33. a4 Re8
34. Rb7 Ree7 35. Rxd7 Rxd7 36. Rb4 Qd6 37. Qb3+ Ke7 38. Qg8 Qxb4 39. Qxh7+ Ke6
40. Qg8+ Kf5 41. h7 Rxh7 42. Qxh7 Qe1+ 43. Kg2 Qxe2 44. Qd7+ Ke4 45. Qe6+ Kd3
46. Qb3+ Kd2 47. Qb4+ Kd3 48. Qb3+ Ke4 49. Qe6+ Kd3 50. Qb3+ Kd2 51. Qb4+ Kc2
52. Qxd4 Qa6 53. Qxf6 0-1